Statistics for All the Pokémon (#001 to #890)

Click here to take the quiz!

General Stats

  • This quiz has been taken 52,314 times
    (9,860 since last reset)
  • The average score is 371 of 890

Answer Stats

No. Type Pokémon % Correct
#025ElectricPikachu
92%
#001Grass/PoisonBulbasaur
89%
#004FireCharmander
88%
#006Fire/FlyingCharizard
88%
#007WaterSquirtle
87%
#002Grass/PoisonIvysaur
83%
#005FireCharmeleon
83%
#026ElectricRaichu
82%
#009WaterBlastoise
82%
#003Grass/PoisonVenusaur
80%
#008WaterWartortle
79%
#151PsychicMew
78%
#010BugCaterpie
78%
#150PsychicMewtwo
77%
#016Normal/FlyingPidgey
77%
#012Bug/FlyingButterfree
77%
#015Bug/PoisonBeedrill
76%
#018Normal/FlyingPidgeot
76%
#011BugMetapod
76%
#013Bug/PoisonWeedle
76%
#017Normal/FlyingPidgeotto
75%
#014Bug/PoisonKakuna
74%
#023PoisonEkans
73%
#133NormalEevee
73%
#074Rock/GroundGeodude
72%
#019NormalRattata
72%
#039Normal/FairyJigglypuff
72%
#129WaterMagikarp
71%
#095Rock/GroundOnix
71%
#035FairyClefairy
70%
#024PoisonArbok
70%
#094Ghost/PoisonGengar
70%
#149Dragon/FlyingDragonite
70%
#092Ghost/PoisonGastly
70%
#021Normal/FlyingSpearow
70%
#020NormalRaticate
70%
#136FireFlareon
69%
#172ElectricPichu
69%
#135ElectricJolteon
69%
#145Electric/FlyingZapdos
69%
#134WaterVaporeon
69%
#063PsychicAbra
69%
#022Normal/FlyingFearow
69%
#064PsychicKadabra
68%
#065PsychicAlakazam
68%
#066FightingMachop
68%
#068FightingMachamp
68%
#146Fire/FlyingMoltres
68%
#144Ice/FlyingArticuno
68%
#076Rock/GroundGolem
68%
#093Ghost/PoisonHaunter
68%
#036FairyClefable
68%
#148DragonDragonair
68%
#147DragonDratini
67%
#040Normal/FairyWigglytuff
67%
#029PoisonNidoran
67%
#075Rock/GroundGraveler
67%
#031Poison/GroundNidoqueen
67%
#052NormalMeowth
67%
#037FireVulpix
67%
#034Poison/GroundNidoking
67%
#041Poison/FlyingZubat
67%
#130Water/FlyingGyarados
66%
#106FightingHitmonlee
66%
#030PoisonNidorina
66%
#050GroundDiglett
66%
#033PoisonNidorino
66%
#143NormalSnorlax
66%
#043Grass/PoisonOddish
66%
#067FightingMachoke
66%
#059FireArcanine
65%
#042Poison/FlyingGolbat
65%
#044Grass/PoisonGloom
65%
#107FightingHitmonchan
65%
#038FireNinetales
65%
#051GroundDugtrio
65%
#058FireGrowlithe
64%
#126FireMagmar
64%
#109PoisonKoffing
64%
#131Water/IceLapras
63%
#122Psychic/FairyMr. Mime
63%
#110PoisonWeezing
63%
#197DarkUmbreon
63%
#124Ice/PsychicJynx
63%
#027GroundSandshrew
63%
#081Electric/SteelMagnemite
63%
#028GroundSandslash
63%
#077FirePonyta
63%
#053NormalPersian
63%
#078FireRapidash
62%
#208Steel/GroundSteelix
62%
#045Grass/PoisonVileplume
62%
#082Electric/SteelMagneton
62%
#125ElectricElectabuzz
62%
#120WaterStaryu
61%
#060WaterPoliwag
61%
#061WaterPoliwhirl
61%
#054WaterPsyduck
61%
#089PoisonMuk
61%
#196PsychicEspeon
61%
#062Water/FightingPoliwrath
60%
#069Grass/PoisonBellsprout
60%
#123Bug/FlyingScyther
60%
#152GrassChikorita
60%
#121Water/PsychicStarmie
60%
#118WaterGoldeen
60%
#086WaterSeel
60%
#100ElectricVoltorb
60%
#087Water/IceDewgong
59%
#072Water/PoisonTentacool
59%
#158WaterTotodile
59%
#101ElectricElectrode
59%
#140Rock/WaterKabuto
59%
#255FireTorchic
59%
#048Bug/PoisonVenonat
59%
#049Bug/PoisonVenomoth
59%
#258WaterMudkip
59%
#470GrassLeafeon
59%
#056FightingMankey
59%
#088PoisonGrimer
59%
#112Ground/RockRhydon
59%
#111Ground/RockRhyhorn
59%
#155FireCyndaquil
59%
#055WaterGolduck
58%
#250Fire/FlyingHo-Oh
58%
#046Bug/GrassParas
58%
#249Psychic/FlyingLugia
58%
#142Rock/FlyingAerodactyl
58%
#073Water/PoisonTentacruel
58%
#173FairyCleffa
58%
#119WaterSeaking
58%
#471IceGlaceon
58%
#141Rock/WaterKabutops
58%
#169Poison/FlyingCrobat
57%
#047Bug/GrassParasect
57%
#257Fire/FightingBlaziken
57%
#383GroundGroudon
57%
#393WaterPiplup
57%
#079Water/PsychicSlowpoke
57%
#153GrassBayleef
57%
#113NormalChansey
57%
#116WaterHorsea
57%
#070Grass/PoisonWeepinbell
57%
#071Grass/PoisonVictreebel
57%
#128NormalTauros
56%
#117WaterSeadra
56%
#080WaterPsychicSlowbro
56%
#239ElectricElekid
56%
#252GrassTreecko
56%
#237FightingHitmontop
56%
#157FireTyphlosion
56%
#156FireQuilava
56%
#139Rock/WaterOmastar
56%
#154GrassMeganium
56%
#083Normal/FlyingFarfetch’d
56%
#132NormalDitto
56%
#057FightingPrimeape
56%
#138Rock/WaterOmanyte
56%
#084Normal/FlyingDoduo
55%
#097PsychicHypno
55%
#244FireEntei
55%
#382WaterKyogre
55%
#251Psychic/GrassCelebi
55%
#384Dragon/FlyingRayquaza
55%
#160WaterFeraligatr
55%
#390FireChimchar
55%
#175FairyTogepi
55%
#174Normal/FairyIgglybuff
54%
#091Water/IceCloyster
54%
#240FireMagby
54%
#260Water/GroundSwampert
54%
#096PsychicDrowzee
54%
#127BugPinsir
54%
#159WaterCroconaw
54%
#387GrassTurtwig
54%
#700FairySylveon
54%
#245WaterSuicune
54%
#103Grass/PsychicExeggutor
53%
#090WaterShellder
53%
#392Fire/FightingInfernape
53%
#114GrassTangela
53%
#395Water/SteelEmpoleon
53%
#379SteelRegisteel
53%
#254GrassSceptile
53%
#085Normal/FlyingDodrio
53%
#378IceRegice
53%
#377RockRegirock
53%
#282Psychic/FairyGardevoir
53%
#256Fire/FightingCombusken
53%
#263NormalZigzagoon
53%
#243ElectricRaikou
53%
#253GrassGrovyle
52%
#212Bug/SteelScizor
52%
#280Psychic/FairyRalts
52%
#230Water/DragonKingdra
52%
#248Rock/DarkTyranitar
52%
#495GrassSnivy
52%
#389Grass/GroundTorterra
52%
#102Grass/PsychicExeggcute
52%
#104GroundCubone
52%
#483Steel/DragonDialga
52%
#137NormalPorygon
52%
#484Water/DragonPalkia
52%
#498FireTepig
51%
#467FireMagmortar
51%
#259Water/GroundMarshtomp
51%
#176Fairy/FlyingTogetic
51%
#199Water/PsychicSlowking
51%
#448Fighting/SteelLucario
51%
#163Normal/FlyingHoothoot
51%
#105GroundMarowak
51%
#265BugWurmple
50%
#487Ghost/DragonGiratina
50%
#229Dark/FireHoundoom
50%
#162NormalFurret
50%
#115NormalKangaskhan
50%
#164Normal/FlyingNoctowl
50%
#246Rock/GroundLarvitar
50%
#462Electric/SteelMagnezone
50%
#281Psychic/FairyKirlia
50%
#376Steel/PsychicMetagross
50%
#268BugCascoon
49%
#098WaterKrabby
49%
#391Fire/FightingMonferno
49%
#394WaterPrinplup
49%
#247Rock/GroundPupitar
49%
#381Dragon/PsychicLatios
49%
#161NormalSentret
49%
#380Dragon/PsychicLatias
49%
#264NormalLinoone
49%
#179ElectricMareep
49%
#468Fairy/FlyingTogekiss
49%
#493NormalArceus
48%
#267Bug/FlyingBeautifly
48%
#491DarkDarkrai
48%
#439Psychic/FairyMime Jr.
48%
#466ElectricElectivire
48%
#373Dragon/FlyingSalamence
48%
#371DragonBagon
48%
#330Ground/DragonFlygon
48%
#396Normal/FlyingStarly
48%
#501WaterOshawott
48%
#385Steel/PsychicJirachi
48%
#269Bug/PoisonDustox
48%
#464Ground/RockRhyperior
48%
#446NormalMunchlax
48%
#242NormalBlissey
48%
#099WaterKingler
48%
#236FightingTyrogue
48%
#215Dark/IceSneasel
48%
#108NormalLickitung
48%
#181ElectricAmpharos
48%
#228Dark/FireHoundour
48%
#227Steel/FlyingSkarmory
48%
#311ElectricPlusle
47%
#375Steel/PsychicMetang
47%
#386PsychicDeoxys
47%
#388GrassGrotle
47%
#658Water/DarkGreninja
47%
#447FightingRiolu
47%
#398Normal/FlyingStaraptor
47%
#445Dragon/GroundGarchomp
47%
#273GrassSeedot
47%
#183Water/FairyMarill
47%
#182GrassBellossom
47%
#475Psychic/FightingGallade
47%
#171Water/ElectricLanturn
47%
#486NormalRegigigas
47%
#278Water/FlyingWingull
47%
#374Steel/PsychicBeldum
47%
#272Water/GrassLudicolo
47%
#238Ice/PsychicSmoochum
47%
#270Water/GrassLotad
47%
#261DarkPoochyena
47%
#266BugSilcoon
47%
#271Water/GrassLombre
46%
#328GroundTrapinch
46%
#220Ice/GroundSwinub
46%
#361IceSnorunt
46%
#362IceGlalie
46%
#214Bug/FightingHeracross
46%
#221Ice/GroundPiloswine
46%
#397Normal/FlyingStaravia
46%
#198Dark/FlyingMurkrow
46%
#262DarkMightyena
46%
#312ElectricMinun
46%
#186WaterPolitoed
46%
#461Dark/IceWeavile
46%
#184Water/FairyAzumarill
46%
#170Water/ElectricChinchou
46%
#168Bug/PoisonAriados
46%
#497GrassSerperior
46%
#315Grass/PoisonRoselia
46%
#500Fire/FightingEmboar
46%
#274Grass/DarkNuzleaf
46%
#233NormalPorygon2
45%
#309ElectricElectrike
45%
#277Normal/FlyingSwellow
45%
#443Dragon/GroundGible
45%
#275Grass/DarkShiftry
45%
#167Bug/PoisonSpinarak
45%
#185RockSudowoodo
45%
#177Psychic/FlyingNatu
45%
#241NormalMiltank
45%
#399NormalBidoof
45%
#165Bug/FlyingLedyba
45%
#279Water/FlyingPelipper
45%
#178Psychic/FlyingXatu
45%
#304Steel/RockAron
45%
#349WaterFeebas
45%
#180ElectricFlaaffy
45%
#338Rock/PsychicSolrock
44%
#372DragonShelgon
44%
#289NormalSlaking
44%
#291Bug/FlyingNinjask
44%
#218FireSlugma
44%
#473Ice/GroundMamoswine
44%
#479Electric/GhostRotom
44%
#478Ice/GhostFroslass
44%
#474NormalPorygon-Z
44%
#643Dragon/FireReshiram
44%
#350WaterMilotic
44%
#644Dragon/ElectricZekrom
44%
#502WaterDewott
44%
#503WaterSamurott
44%
#187Grass/FlyingHoppip
44%
#276Normal/FlyingTaillow
44%
#329Ground/DragonVibrava
44%
#403ElectricShinx
44%
#725FireLitten
44%
#407Grass/PoisonRoserade
44%
#302Dark/GhostSableye
44%
#405ElectricLuxray
44%
#306Steel/RockAggron
44%
#307Fighting/PsychicMeditite
44%
#308Fighting/PsychicMedicham
44%
#194Water/GroundWooper
44%
#321WaterWailord
44%
#319Water/DarkSharpedo
44%
#200GhostMisdreavus
44%
#444Dragon/GroundGabite
44%
#355GhostDuskull
44%
#356GhostDusclops
44%
#195Water/GroundQuagsire
43%
#207Ground/FlyingGligar
43%
#193Bug/FlyingYanma
43%
#189Grass/FlyingJumpluff
43%
#285GrassShroomish
43%
#460Grass/IceAbomasnow
43%
#404ElectricLuxio
43%
#226Water/FlyingMantine
43%
#656WaterFroakie
43%
#222Water/RockCorsola
43%
#465GrassTangrowth
43%
#485Fire/SteelHeatran
43%
#298Normal/FairyAzurill
43%
#499Fire/FightingPignite
43%
#303Steel/FairyMawile
43%
#305Steel/RockLairon
43%
#310ElectricManectric
43%
#496GrassServine
43%
#166Bug/FlyingLedian
43%
#494Psychic/FireVictini
43%
#320WaterWailmer
43%
#322Fire/GroundNumel
43%
#323Fire/GroundCamerupt
43%
#722Grass/FlyingRowlet
43%
#477GhostDusknoir
43%
#337Rock/PsychicLunatone
43%
#290Bug/GroundNincada
42%
#492GrassShaymin
42%
#201PsychicUnown
42%
#440NormalHappiny
42%
#363Ice/WaterSpheal
42%
#283Bug/WaterSurskit
42%
#188Grass/FlyingSkiploom
42%
#219Fire/RockMagcargo
42%
#429GhostMismagius
42%
#292Bug/GhostShedinja
42%
#336PoisonSeviper
42%
#287NormalSlakoth
42%
#406Grass/PoisonBudew
42%
#334Dragon/FlyingAltaria
42%
#286Grass/FightingBreloom
42%
#430Dark/FlyingHonchkrow
41%
#454Poison/FightingToxicroak
41%
#297FightingHariyama
41%
#400Normal/WaterBibarel
41%
#519Normal/FlyingPidove
41%
#365Ice/WaterWalrein
41%
#480PsychicUxie
41%
#653FireFennekin
41%
#333Normal/FlyingSwablu
41%
#482PsychicAzelf
41%
#225Ice/FlyingDelibird
41%
#318Water/DarkCarvanha
41%
#204BugPineco
41%
#459Grass/IceSnover
41%
#203Normal/PsychicGirafarig
41%
#650GrassChespin
41%
#453Poison/FightingCroagunk
41%
#490WaterManaphy
40%
#412BugBurmy
40%
#481PsychicMesprit
40%
#217NormalUrsaring
40%
#472Ground/FlyingGliscor
40%
#469Bug/FlyingYanmega
40%
#727Fire/DarkIncineroar
40%
#296FightingMakuhita
40%
#216NormalTeddiursa
40%
#331GrassCacnea
40%
#205Bug/SteelForretress
40%
#364Ice/WaterSealeo
40%
#359DarkAbsol
40%
#357Grass/FlyingTropius
40%
#354GhostBanette
40%
#353GhostShuppet
40%
#288NormalVigoroth
40%
#345Rock/GrassLileep
40%
#335NormalZangoose
40%
#210FairyGranbull
40%
#607Ghost/FireLitwick
40%
#716FairyXerneas
40%
#609Ghost/FireChandelure
40%
#324FireTorkoal
40%
#300NormalSkitty
40%
#295NormalExploud
39%
#511GrassPansage
39%
#655Fire/PsychicDelphox
39%
#299RockNosepass
39%
#816WaterSobble
39%
#410Rock/SteelShieldon
39%
#813FireScorbunny
39%
#458Water/FlyingMantyke
39%
#294NormalLoudred
39%
#646Dragon/IceKyurem
39%
#293NormalWhismur
39%
#231GroundPhanpy
39%
#232GroundDonphan
39%
#489WaterPhione
39%
#348Rock/BugArmaldo
39%
#488PsychicCresselia
39%
#610DragonAxew
39%
#332Grass/DarkCacturne
39%
#346Rock/GrassCradily
39%
#717Dark/FlyingYveltal
39%
#408RockCranidos
39%
#209FairySnubbull
39%
#413Bug/VariesWormadam
39%
#284Bug/FlyingMasquerain
39%
#415Bug/FlyingCombee
39%
#792Psychic/GhostLunala
39%
#513FirePansear
39%
#202PsychicWobbuffet
39%
#223WaterRemoraid
39%
#791Psychic/SteelSolgaleo
39%
#425Ghost/FlyingDrifloon
39%
#728WaterPopplio
39%
#515WaterPanpour
39%
#213Bug/RockShuckle
38%
#339Water/GroundBarboach
38%
#633Dark/DragonDeino
38%
#417ElectricPachirisu
38%
#724Grass/GhostDecidueye
38%
#409RockRampardos
38%
#418WaterBuizel
38%
#344Ground/PsychicClaydol
38%
#640Grass/FightingVirizion
38%
#562GhostYamask
38%
#639Rock/FightingTerrakion
38%
#638Steel/FightingCobalion
38%
#301NormalDelcatty
38%
#343Ground/PsychicBaltoy
38%
#810GrassGrookey
38%
#635Dark/DragonHydreigon
38%
#192GrassSunflora
38%
#506NormalLillipup
38%
#370WaterLuvdisc
38%
#442Ghost/DarkSpiritomb
38%
#438RockBonsly
38%
#647Water/FightingKeldeo
38%
#514FireSimisear
38%
#512GrassSimisage
38%
#516WaterSimipour
38%
#521Normal/FlyingUnfezant
38%
#539FightingSawk
38%
#224WaterOctillery
38%
#347Rock/BugAnorith
38%
#524RockRoggenrola
37%
#730Water/FairyPrimarina
37%
#595Bug/ElectricJoltik
37%
#645Ground/FlyingLandorus
37%
#612DragonHaxorus
37%
#652Grass/FightingChesnaught
37%
#657WaterFrogadier
37%
#641FlyingTornadus
37%
#718Dragon/GroundZygarde
37%
#509DarkPurrloin
37%
#504NormalPatrat
37%
#436Steel/PsychicBronzor
37%
#426Ghost/FlyingDrifblim
37%
#437Steel/PsychicBronzong
37%
#463NormalLickilicky
37%
#414Bug/FlyingMothim
37%
#411Rock/SteelBastiodon
37%
#190NormalAipom
37%
#191GrassSunkern
37%
#211Water/PoisonQwilfish
37%
#369Water/RockRelicanth
37%
#360PsychicWynaut
37%
#366WaterClamperl
37%
#234NormalStantler
37%
#341WaterCorphish
37%
#340Water/GroundWhiscash
37%
#313BugVolbeat
37%
#599SteelKlink
36%
#314BugIllumise
36%
#726FireTorracat
36%
#419WaterFloatzel
36%
#416Bug/FlyingVespiquen
36%
#637Bug/FireVolcarona
36%
#706DragonGoodra
36%
#608Ghost/FireLampent
36%
#663Fire/FlyingTalonflame
36%
#342Water/DarkCrawdaunt
36%
#206NormalDunsparce
36%
#327NormalSpinda
36%
#654FireBraixen
36%
#587Electric/FlyingEmolga
36%
#538FightingThroh
36%
#358PsychicChimecho
36%
#889FightingZamazenta
36%
#476Rock/SteelProbopass
36%
#632Bug/SteelDurant
36%
#527Psychic/FlyingWoobat
36%
#507NormalHerdier
36%
#510DarkLiepard
36%
#451Poison/BugSkorupi
36%
#508NormalStoutland
36%
#432NormalPurugly
36%
#520Normal/FlyingTranquill
36%
#452Poison/DarkDrapion
36%
#505NormalWatchog
36%
#526RockGigalith
36%
#535WaterTympole
36%
#818WaterInteleon
35%
#368WaterGorebyss
35%
#434Poison/DarkStunky
35%
#525RockBoldore
35%
#367WaterHuntail
35%
#649Bug/SteelGenesect
35%
#517PsychicMunna
35%
#435Poison/DarkSkuntank
35%
#536Water/GroundPalpitoad
35%
#600SteelKlang
35%
#601SteelKlinklang
35%
#449GroundHippopotas
35%
#401BugKricketot
35%
#642Electric/FlyingThundurus
35%
#325PsychicSpoink
35%
#316PoisonGulpin
35%
#613IceCubchoo
35%
#614IceBeartic
35%
#634Dark/DragonZweilous
35%
#235NormalSmeargle
35%
#450GroundHippowdon
35%
#523ElectricZebstrika
35%
#402BugKricketune
35%
#551Ground/DarkSandile
35%
#431NormalGlameow
35%
#888FairyZacian
35%
#427NormalBuneary
35%
#534FightingConkeldurr
35%
#532FightingTimburr
35%
#785Electric/FairyTapu Koko
35%
#568PoisonTrubbish
35%
#778Ghost/FairyMimikyu
35%
#422WaterShellos
35%
#533FightingGurdurr
34%
#555FireDarmanitan
34%
#554FireDarumaka
34%
#351NormalCastform
34%
#553Ground/DarkKrookodile
34%
#326PsychicGrumpig
34%
#423Water/GroundGastrodon
34%
#424NormalAmbipom
34%
#317PoisonSwalot
34%
#786Psychic/FairyTapu Lele
34%
#543Bug/PoisonVenipede
34%
#542Bug/GrassLeavanny
34%
#618Ground/ElectricStunfisk
34%
#428NormalLopunny
34%
#623Ground/GhostGolurk
34%
#598Grass/SteelFerrothorn
34%
#597Grass/SteelFerroseed
34%
#596Bug/ElectricGalvantula
34%
#584IceVanilluxe
34%
#567Rock/FlyingArcheops
34%
#704DragonGoomy
34%
#528Psychic/FlyingSwoobat
34%
#529GroundDrilbur
34%
#631FireHeatmor
34%
#522ElectricBlitzle
34%
#582IceVanillite
34%
#537Water/GroundSeismitoad
34%
#530Ground/SteelExcadrill
34%
#518PsychicMusharna
34%
#563GhostCofagrigus
34%
#721Fire/WaterVolcanion
33%
#651GrassQuilladin
33%
#719Rock/FairyDiancie
33%
#787Grass/FairyTapu Bulu
33%
#661Normal/FlyingFletchling
33%
#812GrassRillaboom
33%
#823Flying/SteelCorviknight
33%
#681Steel/GhostAegislash
33%
#723Grass/FlyingDartrix
33%
#636Bug/FireLarvesta
33%
#815FireCinderace
33%
#702Electric/FairyDedenne
33%
#648Normal/PsychicMeloetta
33%
#866Ice/PsychicMr. Rime
33%
#674FightingPancham
33%
#569PoisonGarbodor
33%
#890Poison/DragonEternatus
33%
#574PsychicGothita
33%
#583IceVanillish
33%
#566Rock/FlyingArchen
33%
#559Dark/FightingScraggy
33%
#558Bug/RockCrustle
33%
#557Bug/RockDwebble
33%
#552Ground/DarkKrokorok
33%
#571DarkZoroark
33%
#544Bug/PoisonWhirlipede
33%
#611DragonFraxure
33%
#433PsychicChingling
33%
#581Water/FlyingSwanna
33%
#352NormalKecleon
33%
#545Bug/PoisonScolipede
33%
#622Ground/GhostGolett
33%
#577PsychicSolosis
32%
#680Steel/GhostDoublade
32%
#659NormalBunnelby
32%
#578PsychicDuosion
32%
#540Bug/GrassSewaddle
32%
#662Fire/FlyingFletchinder
32%
#576PsychicGothitelle
32%
#709Ghost/GrassTrevenant
32%
#456WaterFinneon
32%
#701Fighting/FlyingHawlucha
32%
#808SteelMeltan
32%
#667Fire/NormalLitleo
32%
#714Flying/DragonNoibat
32%
#675Fighting/DarkPangoro
32%
#455GrassCarnivine
32%
#715Flying/DragonNoivern
32%
#580Water/FlyingDucklett
32%
#729WaterBrionne
32%
#628Normal/FlyingBraviary
32%
#625Dark/SteelBisharp
32%
#546Grass/FairyCottonee
32%
#420GrassCherubi
32%
#788Water/FairyTapu Fini
32%
#738Bug/ElectricVikavolt
32%
#789PsychicCosmog
32%
#560Dark/FightingScrafty
32%
#421GrassCherrim
32%
#720Psychic/GhostHoopa
32%
#570DarkZorua
32%
#531NormalAudino
32%
#707Steel/FairyKlefki
31%
#708Ghost/GrassPhantump
31%
#457WaterLumineon
31%
#705DragonSliggoo
31%
#737Bug/ElectricCharjabug
31%
#710Ghost/GrassPumpkaboo
31%
#565Water/RockCarracosta
31%
#547Grass/FairyWhimsicott
31%
#777Electric/SteelTogedemaru
31%
#541Bug/GrassSwadloon
31%
#809SteelMelmetal
31%
#627Normal/FlyingRufflet
31%
#616BugShelmet
31%
#579PsychicReuniclus
31%
#668Fire/NormalPyroar
31%
#585Normal/GrassDeerling
31%
#593Water/GhostJellicent
31%
#865FightingSirfetch'd
31%
#862Dark/NormalObstagoon
31%
#615IceCryogonal
31%
#660Normal/GroundDiggersby
31%
#621DragonDruddigon
31%
#624Dark/SteelPawniard
31%
#575PsychicGothorita
31%
#679Steel/GhostHonedge
31%
#441Normal/FlyingChatot
31%
#550WaterBasculin
30%
#602ElectricTynamo
30%
#556GrassMaractus
30%
#784Dragon/FightingKommo-o
30%
#592Water/GhostFrillish
30%
#561Psychic/FlyingSigilyph
30%
#564Water/RockTirtouga
30%
#586Normal/GrassSawsbuck
30%
#744RockRockruff
30%
#629Dark/FlyingVullaby
30%
#630Dark/FlyingMandibuzz
30%
#733Normal/FlyingToucannon
30%
#814FireRaboot
30%
#588BugKarrablast
30%
#697Rock/DragonTyrantrum
30%
#686Dark/PsychicInkay
30%
#669FairyFlabébé
30%
#794Bug/FightingBuzzwole
30%
#802Fighting/GhostMarshadow
30%
#696Rock/DragonTyrunt
30%
#780Normal/DragonDrampa
29%
#745RockLycanroc
29%
#691Poison/DragonDragalge
29%
#617BugAccelgor
29%
#801Steel/FairyMagearna
29%
#736BugGrubbin
29%
#790PsychicCosmoem
29%
#549GrassLilligant
29%
#604ElectricEelektross
29%
#711Ghost/GrassGourgeist
29%
#800PsychicNecrozma
29%
#703Rock/FairyCarbink
29%
#713IceAvalugg
29%
#666Bug/FlyingVivillon
29%
#671FairyFlorges
29%
#684FairySwirlix
29%
#589Bug/SteelEscavalier
29%
#590Grass/PoisonFoongus
29%
#731Normal/FlyingPikipek
29%
#864GhostCursola
28%
#887Dragon/GhostDragapult
28%
#798Grass/SteelKartana
28%
#799Dark/DragonGuzzlord
28%
#807ElectricZeraora
28%
#822FlyingCorvisquire
28%
#757Poison/FireSalandit
28%
#811GrassThwackey
28%
#872Ice/BugSnom
28%
#782DragonJangmo-o
28%
#831NormalWooloo
28%
#548GrassPetilil
28%
#821FlyingRookidee
28%
#760Normal/FightingBewear
28%
#803PoisonPoipole
28%
#758Poison/FireSalazzle
28%
#690Poison/WaterSkrelp
28%
#603ElectricEelektrik
28%
#670FairyFloette
28%
#742Bug/FairyCutiefly
28%
#665BugSpewpa
28%
#677PsychicEspurr
28%
#678PsychicMeowstic
28%
#664BugScatterbug
28%
#594WaterAlomomola
28%
#699Rock/IceAurorus
28%
#695Electric/NormalHeliolisk
28%
#683FairyAromatisse
28%
#620FightingMienshao
28%
#619FightingMienfoo
28%
#685FairySlurpuff
28%
#751Water/BugDewpider
28%
#687Dark/PsychicMalamar
28%
#694Electric/NormalHelioptile
28%
#796ElectricXurkitree
27%
#795Bug/FightingPheromosa
27%
#698Rock/IceAmaura
27%
#712IceBergmite
27%
#797Steel/FlyingCelesteela
27%
#805Rock/SteelStakataka
27%
#739FightingCrabrawler
27%
#783Dragon/FightingHakamo-o
27%
#682FairySpritzee
27%
#743Bug/FairyRibombee
27%
#572NormalMinccino
27%
#673GrassGogoat
27%
#748Poison/WaterToxapex
27%
#776Fire/DragonTurtonator
27%
#885Dragon/GhostDreepy
27%
#591Grass/PoisonAmoonguss
27%
#817WaterDrizzile
26%
#848Electric/PoisonToxel
26%
#752Water/BugAraquanid
26%
#759Normal/FightingStufful
26%
#804Poison/DragonNaganadel
26%
#882Water/DragonDracovish
26%
#573NormalCinccino
26%
#626NormalBouffalant
26%
#842Grass/DragonAppletun
26%
#793Rock/PoisonNihilego
26%
#841Grass/DragonFlapple
26%
#732Normal/FlyingTrumbeak
26%
#840Grass/DragonApplin
26%
#835ElectricYamper
26%
#740Fighting/IceCrabominable
26%
#741Varies/FlyingOricorio
26%
#826Bug/PsychicOrbeetle
25%
#859Dark/FairyImpidimp
25%
#605PsychicElgyem
25%
#873Ice/BugFrosmoth
25%
#606PsychicBeheeyem
25%
#849Electric/PoisonToxtricity
25%
#672GrassSkiddo
25%
#688Rock/WaterBinacle
25%
#765Normal/PsychicOranguru
25%
#772NormalType: Null
25%
#761GrassBounsweet
25%
#747Poison/WaterMareanie
25%
#689Rock/WaterBarbaracle
25%
#763GrassTsareena
25%
#750GroundMudsdale
25%
#746WaterWishiwashi
25%
#735NormalGumshoos
25%
#734NormalYungoos
25%
#806Fire/GhostBlacephalon
25%
#768Bug/WaterGolisopod
25%
#834Water/RockDrednaw
24%
#851Fire/BugCentiskorch
24%
#861Dark/FairyGrimmsnarl
24%
#762GrassSteenee
24%
#839Rock/FireCoalossal
24%
#766FightingPassimian
24%
#836ElectricBoltund
24%
#877Electric/DarkMorpeko
24%
#837RockRolycoly
24%
#767Bug/WaterWimpod
24%
#749GroundMudbray
24%
#692WaterClauncher
24%
#693WaterClawitzer
24%
#676NormalFurfrou
24%
#781Ghost/GrassDhelmise
24%
#881Electric/IceArctozolt
23%
#863SteelPerrserker
23%
#769Ghost/GroundSandygast
23%
#867Ground/GhostRunerigus
23%
#880Electric/DragonDracozolt
23%
#770Ghost/GroundPalossand
23%
#833WaterChewtle
23%
#771WaterPyukumuku
23%
#824BugBlipbug
23%
#884Steel/DragonDuraludon
23%
#779Water/PsychicBruxish
23%
#773NormalSilvally
23%
#828DarkThievul
23%
#883Water/IceArctovish
23%
#858Psychic/FairyHatterene
22%
#756Grass/FairyShiinotic
22%
#755Grass/FairyMorelull
22%
#827DarkNickit
22%
#819NormalSkwovet
22%
#774Rock/FlyingMinior
22%
#764FairyComfey
22%
#820NormalGreedent
22%
#754GrassLurantis
22%
#825Bug/PsychicDottler
22%
#832NormalDubwool
22%
#876Psychic/NormalIndeedee
21%
#886Dragon/GhostDrakloak
21%
#850Fire/BugSizzlipede
21%
#860Dark/FairyMorgrem
21%
#845Flying/WaterCramorant
21%
#830GrassEldegoss
21%
#753GrassFomantis
21%
#838Rock/FireCarkol
20%
#855GhostPolteageist
20%
#875IceEiscue
20%
#854GhostSinistea
20%
#829GrassGossifleur
20%
#775NormalKomala
20%
#869FairyAlcremie
20%
#856PsychicHatenna
19%
#874RockStonjourner
19%
#857PsychicHattrem
19%
#879SteelCopperajah
19%
#868FairyMilcery
19%
#847WaterBarraskewda
19%
#844GroundSandaconda
19%
#870FightingFalinks
18%
#878SteelCufant
18%
#846WaterArrokuda
18%
#853FightingGrapploct
18%
#843GroundSilicobra
17%
#871ElectricPincurchin
17%
#852FightingClobbopus
17%

Score Distribution

Percentile by Number Answered

Percent of People with Each Score

Your Score History

You have not taken this quiz since the last reset